[Event "Madrid-ch 2011/2012- Semifinal B"]
[Site "Madrid ESP"]
[Date "2012.03.30"]
[Round "4.11"]
[White "Brull Cortes, Boris"]
[Black "Rios Rebollo, Victor"]
[Result "1/2-1/2"]
[WhiteElo "2005"]
[BlackElo "1842"]
[PlyCount "132"]
[EventDate "2012.03.22"]
[EventType "swiss"]
[EventRounds "9"]
[EventCountry "ESP"]
[Source "lmi"]
[SourceDate "2012.03.22"]

1. d4 e6 2. Nc3 d5 3. e4 Nf6 4. Bg5 Be7 5. e5 Nfd7 6. Bxe7 Qxe7 7. Nb5 Nb6 8.
Bd3 a6 9. Nc3 c5 10. Qg4 g6 11. dxc5 Qxc5 12. Nf3 Nc6 13. Qf4 Qe7 14. h4 h6 15.
a3 Nd7 16. O-O-O b5 17. Rhe1 Nb6 18. Nd4 Nxd4 19. Qxd4 Rb8 20. Rh1 h5 21. Rdg1
Bd7 22. g4 hxg4 23. Qxg4 Kd8 24. h5 gxh5 25. Rxh5 Kc7 26. Rg5 Rbf8 27. Qd4 Kc6
28. f4 Qc5 29. Qxc5+ Kxc5 30. Rg7 f6 31. Ne2 fxe5 32. fxe5 Rh6 33. c3 Kc6 34.
Nd4+ Kc7 35. R1g6 Rxg6 36. Rxg6 Re8 37. Rg7 Kd8 38. Bg6 Re7 39. Rg8+ Kc7 40. b3
Nc8 41. Kd2 Na7 42. Ke3 Nc6 43. Kf4 Kb6 44. Nf3 Na5 45. Kg5 Bc6 46. Nd4 Rb7 47.
Kf6 Bd7 48. Rg7 Rc7 49. Nxe6 Bxe6 50. Rxc7 Kxc7 51. Kxe6 Nxb3 52. Kxd5 Kd7 53.
Bf5+ Ke7 54. Kc6 Na5+ 55. Kb6 Nc4+ 56. Kxa6 Nxa3 57. e6 Nc4 58. Bh3 Nd6 59. Ka5
Ne4 60. Kb4 Nd6 61. Kc5 Ne4+ 62. Kb4 Nd6 63. Bg4 Ne4 64. Bf5 Nd6 65. Bh3 Ne4
66. Bg2 Nxc3 1/2-1/2

[Event "Madrid-ch 2011/2012- Semifinal B"]
[Site "Madrid ESP"]
[Date "2012.03.30"]
[Round "4.12"]
[White "Herranz Sanchez, Pablo"]
[Black "Arjona Martinez, Santiago"]
[Result "1/2-1/2"]
[WhiteElo "1661"]
[BlackElo "2062"]
[PlyCount "112"]
[EventDate "2012.03.22"]
[EventType "swiss"]
[EventRounds "9"]
[EventCountry "ESP"]
[Source "lmi"]
[SourceDate "2012.03.22"]

1. e4 c5 2. Nf3 d6 3. d4 cxd4 4. Nxd4 Nf6 5. Nc3 a6 6. Be3 Ng4 7. Bg5 h6 8. Bh4
g5 9. Bg3 Bg7 10. h3 Ne5 11. Be2 Nbc6 12. Nb3 Ng6 13. O-O Be5 14. Bxe5 Ncxe5
15. Nd5 e6 16. Ne3 O-O 17. Ng4 Nxg4 18. Bxg4 b5 19. Nd4 Qb6 20. Ne2 Bb7 21. Ng3
Nf4 22. Bf3 Rad8 23. c3 d5 24. exd5 Bxd5 25. Bxd5 Rxd5 26. Qc2 f5 27. Rad1 Qc6
28. Rxd5 Qxd5 29. f3 Rd8 30. Ne2 Qc5+ 31. Kh2 Qe3 32. Nd4 Nd5 33. Qf2 Qe5+ 34.
Kg1 Ne3 35. Re1 f4 36. Nc6 Qd6 37. Nxd8 Qxd8 38. Kh2 Qd5 39. a3 Qd6 40. Re2 Qd1
41. Qe1 Qb3 42. Kg1 Kg7 43. Qd2 Qa2 44. Kf2 Qb1 45. Re1 Qa2 46. g3 e5 47. gxf4
exf4 48. Rg1 Qe6 49. Qd4+ Kf7 50. Rh1 Qa2 51. Qd2 Qe6 52. h4 g4 53. Qd4 g3+ 54.
Kg1 Nd5 55. Kf1 Ne3+ 56. Kg1 Nd5 1/2-1/2

[Event "Madrid-ch 2011/2012- Semifinal B"]
[Site "Madrid ESP"]
[Date "2012.03.30"]
[Round "4.13"]
[White "Arroyo Fernandez, Francisco J"]
[Black "Garcia Herranz, Jesus"]
[Result "0-1"]
[WhiteElo "1825"]
[BlackElo "1968"]
[PlyCount "72"]
[EventDate "2012.03.22"]
[EventType "swiss"]
[EventRounds "9"]
[EventCountry "ESP"]
[Source "lmi"]
[SourceDate "2012.03.22"]

1. d4 Nf6 2. Nf3 d5 3. e3 Bg4 4. c4 e6 5. Nbd2 Be7 6. Qb3 Qc8 7. Bd3 O-O 8. Ne5
Bh5 9. O-O Nbd7 10. Nxd7 Nxd7 11. f4 c6 12. Qc2 f5 13. Nf3 Bxf3 14. gxf3 Bf6
15. Kh1 Kh8 16. b3 Rg8 17. Rg1 g6 18. Bb2 Qd8 19. a4 Rc8 20. b4 Qe7 21. Bc3 b6
22. c5 Qg7 23. cxb6 Nxb6 24. a5 Nd7 25. Qe2 Qh6 26. Rac1 g5 27. fxg5 Bxg5 28.
f4 Be7 29. Ba6 Rb8 30. Rxg8+ Rxg8 31. Bd2 Nf6 32. Bd3 Qg6 33. Qf1 Ng4 34. Qg2
Bh4 35. Rf1 Qh6 36. Qh3 Nf2+ 0-1

[Event "Madrid-ch 2011/2012- Semifinal B"]
[Site "Madrid ESP"]
[Date "2012.03.31"]
[Round "5.2"]
[White "Moreno Torrero, Javier"]
[Black "Cerrato Torrijos, Maria"]
[Result "1/2-1/2"]
[WhiteElo "2045"]
[BlackElo "2101"]
[PlyCount "85"]
[EventDate "2012.03.22"]
[EventType "swiss"]
[EventRounds "9"]
[EventCountry "ESP"]
[Source "lmi"]
[SourceDate "2012.03.22"]

1. d4 Nf6 2. c4 e6 3. Nc3 Bb4 4. e3 b6 5. Nf3 Bb7 6. Bd3 Ne4 7. Qc2 f5 8. O-O
Nxc3 9. bxc3 Bxf3 10. gxf3 Bd6 11. e4 Qh4 12. e5 Be7 13. Kh1 g5 14. Rg1 Nc6 15.
Qe2 Rg8 16. f4 Kf7 17. fxg5 Rg6 18. f4 h6 19. Be3 hxg5 20. fxg5 Rag8 21. Rg3
Bxg5 22. Rag1 Bxe3 23. Qxe3 Ne7 24. Rxg6 Rxg6 25. Rxg6 Nxg6 26. Qg3 Qh6 27. Be2
Qc1+ 28. Kg2 Nf4+ 29. Kf2 Nxe2 30. Kxe2 Qc2+ 31. Ke1 Qb1+ 32. Ke2 Qxa2+ 33. Kd3
Qb1+ 34. Kd2 Qb2+ 35. Kd3 Qc1 36. Qh4 Qd1+ 37. Ke3 Qg1+ 38. Kd2 Qg7 39. Qd8
Qg2+ 40. Kc1 Qh1+ 41. Kc2 Qe4+ 42. Kb3 Qb1+ 43. Ka3 1/2-1/2

[Event "Madrid-ch 2011/2012- Semifinal B"]
[Site "Madrid ESP"]
[Date "2012.03.31"]
[Round "5.3"]
[White "Monge Gilgado, Eva Maria"]
[Black "Garcia Sanz, Eduardo"]
[Result "1/2-1/2"]
[WhiteElo "1817"]
[BlackElo "1994"]
[PlyCount "65"]
[EventDate "2012.03.22"]
[EventType "swiss"]
[EventRounds "9"]
[EventCountry "ESP"]
[Source "lmi"]
[SourceDate "2012.03.22"]

1. e4 c5 2. Nc3 Nc6 3. g3 g6 4. Bg2 Bg7 5. d3 e6 6. f4 Nge7 7. e5 d6 8. exd6
Qxd6 9. Ne4 Qc7 10. c3 b6 11. Nf3 Ba6 12. O-O Rd8 13. Nf2 O-O 14. Qc2 Rd7 15.
Rd1 Rfd8 16. Rb1 Nd5 17. a3 h6 18. c4 Nde7 19. b4 Nf5 20. bxc5 bxc5 21. Qa4 Bc8
22. Nd2 Ncd4 23. Nde4 Ne2+ 24. Kh1 Nxc1 25. Rdxc1 e5 26. fxe5 Qxe5 27. Rb5 Rc7
28. Qa5 Bf8 29. Nf6+ Kg7 30. Nd5 Rxd5 31. Bxd5 Bd6 32. Ne4 Nd4 33. Rbb1 1/2-1/2

[Event "Madrid-ch 2011/2012- Semifinal B"]
[Site "Madrid ESP"]
[Date "2012.03.31"]
[Round "5.4"]
[White "Lopez Ziegler, Carlos"]
[Black "Munoz Cebey, Ricardo"]
[Result "1/2-1/2"]
[WhiteElo "1902"]
[BlackElo "2061"]
[PlyCount "216"]
[EventDate "2012.03.22"]
[EventType "swiss"]
[EventRounds "9"]
[EventCountry "ESP"]
[Source "lmi"]
[SourceDate "2012.03.22"]

1. e4 c6 2. d4 d5 3. exd5 cxd5 4. Bd3 Nc6 5. c3 Nf6 6. Bf4 Bg4 7. Qb3 Qc8 8.
Nd2 e6 9. Ngf3 Be7 10. Ne5 Bh5 11. Ndf3 Nxe5 12. Nxe5 O-O 13. O-O Nd7 14. Rae1
Nxe5 15. Bxe5 Bg6 16. Bxg6 hxg6 17. Re3 a6 18. a3 b5 19. Qd1 Qd8 20. Qg4 Re8
21. h4 Bxh4 22. Rh3 Bf6 23. Re1 Kf8 24. Rf3 Bxe5 25. dxe5 Kg8 26. Ree3 Rc8 27.
b3 a5 28. Qf4 Rc7 29. a4 bxa4 30. Qxa4 Rd7 31. Rf4 Rb7 32. Rh3 g5 33. Rg4 f5
34. Rxg5 Kf7 35. Rhg3 Rg8 36. Qh4 Qf8 37. Qa4 Qc5 38. Qh4 Qf8 39. Rg6 Rb6 40.
Qh5 Ke7 41. Qg5+ Kf7 42. Qh5 Ke7 43. Qd1 Kf7 44. Qd4 Rb7 45. c4 Qb4 46. Qh4
Qe1+ 47. Kh2 Qxe5 48. cxd5 exd5 49. Qh5 Kf8 50. R6g5 Rf7 51. Kh3 Qe6 52. Rc3 d4
53. Rg6 Qd7 54. Rd3 f4+ 55. Kh2 Rf5 56. Rg5 Rxg5 57. Qxg5 Rh8+ 58. Kg1 Qd6 59.
Rf3 Rh6 60. Qxf4+ Qxf4 61. Rxf4+ Ke7 62. Rxd4 Rb6 63. Rd3 Ke6 64. Kf1 Rb4 65.
f3 Ke5 66. Ke2 g5 67. Kd2 a4 68. bxa4 Rxa4 69. g4 Ra2+ 70. Ke3 Ra1 71. Rb3 Re1+
72. Kf2 Ra1 73. Rb5+ Kf6 74. Rf5+ Kg6 75. Rb5 Ra3 76. Rb6+ Kg7 77. Rd6 Rb3 78.
Ke2 Ra3 79. Rd3 Ra1 80. Rd2 Ra3 81. Rd3 Ra1 82. Ke3 Re1+ 83. Kd4 Kf6 84. Re3
Rd1+ 85. Ke4 Rf1 86. Ra3 Re1+ 87. Kd3 Rf1 88. Ra6+ Kf7 89. Ke4 Rb1 90. f4 gxf4
91. Kxf4 Rb5 92. Kg3 Kg7 93. Kh4 Re5 94. g5 Rb5 95. Kh5 Rb1 96. Ra7+ Kg8 97.
Kh6 Rb6+ 98. g6 Rb8 99. Ra6 Rc8 100. Rf6 Rc1 101. Rf5 Rh1+ 102. Kg5 Ra1 103.
Re5 Rg1+ 104. Kf6 Rf1+ 105. Rf5 Rxf5+ 106. Kxf5 Kg7 107. Kg5 Kg8 108. Kh6 Kh8
1/2-1/2

[Event "Madrid-ch 2011/2012- Semifinal B"]
[Site "Madrid ESP"]
[Date "2012.03.31"]
[Round "5.5"]
[White "Vazquez Gonzalez, Jesus"]
[Black "Garcia Salamero, Gabriel"]
[Result "0-1"]
[WhiteElo "2065"]
[BlackElo "2225"]
[PlyCount "92"]
[EventDate "2012.03.22"]
[EventType "swiss"]
[EventRounds "9"]
[EventCountry "ESP"]
[Source "lmi"]
[SourceDate "2012.03.22"]

1. e4 c5 2. Nf3 e6 3. d4 cxd4 4. Nxd4 a6 5. Bd3 Qc7 6. O-O Nf6 7. Qe2 d6 8. c4
g6 9. Nc3 Bg7 10. f4 O-O 11. Be3 Nc6 12. Rac1 Nd7 13. Nf3 Re8 14. g4 Nc5 15.
Bb1 b6 16. h4 Bb7 17. h5 e5 18. Nd5 Qd8 19. f5 Nd4 20. Bxd4 exd4 21. b4 Bxd5
22. cxd5 Na4 23. Qf2 Nc3 24. Rfe1 Bh6 25. Qxd4 Bxc1 26. Qxc3 Rc8 27. Qd3 Qf6
28. hxg6 hxg6 29. e5 dxe5 30. fxg6 e4 31. Rxe4 Rxe4 32. gxf7+ Kxf7 33. Qxe4 Bf4
34. Qe6+ Qxe6 35. dxe6+ Kf6 36. Bf5 Rc4 37. b5 axb5 38. Nh4 Ra4 39. Ng6 Bd6 40.
Kf2 Rxa2+ 41. Ke3 b4 42. Kd4 b3 43. Kc3 Rh2 44. Kxb3 Rh6 45. g5+ Kxf5 46. e7
Rh3+ 0-1

[Event "Madrid-ch 2011/2012- Semifinal B"]
[Site "Madrid ESP"]
[Date "2012.03.31"]
[Round "5.6"]
[White "Rodriguez Sanchez, Roberto"]
[Black "Barez Menendez, Hector"]
[Result "0-1"]
[WhiteElo "2035"]
[BlackElo "2155"]
[PlyCount "46"]
[EventDate "2012.03.22"]
[EventType "swiss"]
[EventRounds "9"]
[EventCountry "ESP"]
[Source "lmi"]
[SourceDate "2012.03.22"]

1. e4 e5 2. Nf3 Nf6 3. Nc3 Nc6 4. d4 Bb4 5. d5 Ne7 6. Bd3 d6 7. h3 O-O 8. O-O
Bxc3 9. bxc3 Ng6 10. c4 Qe7 11. Re1 h6 12. a4 a5 13. Bf1 b6 14. Ra3 Nd7 15. g3
Nc5 16. Nh2 Bd7 17. f4 exf4 18. gxf4 Nxe4 19. Qh5 Rae8 20. f5 Qh4 21. Qd1 Qf2+
22. Kh1 Ng3+ 23. Rxg3 Rxe1 0-1

[Event "Madrid-ch 2011/2012- Semifinal B"]
[Site "Madrid ESP"]
[Date "2012.03.31"]
[Round "5.7"]
[White "Hinojar Diez, David"]
[Black "Garcia-Ruiz Fuentes, Marcos"]
[Result "1-0"]
[WhiteElo "2148"]
[BlackElo "1873"]
[PlyCount "147"]
[EventDate "2012.03.22"]
[EventType "swiss"]
[EventRounds "9"]
[EventCountry "ESP"]
[Source "lmi"]
[SourceDate "2012.03.22"]

1. e4 Nf6 2. Nc3 e5 3. d3 d5 4. Bg5 d4 5. Nd5 Nbd7 6. Qd2 c6 7. Nxf6+ Nxf6 8.
Nf3 Bd6 9. Be2 h6 10. Bh4 Qb6 11. c3 Be6 12. Bg3 dxc3 13. bxc3 Qc7 14. h3 Rd8
15. O-O O-O 16. Bh4 Be7 17. Qe3 c5 18. Rfc1 Qd6 19. Bg3 Nd7 20. d4 f6 21. d5
Bf7 22. Nh4 Qc7 23. c4 Nb6 24. Rcb1 Nc8 25. Nf5 Nd6 26. Nxe7+ Qxe7 27. Qxc5 b6
28. Qb4 Qc7 29. f3 Qc5+ 30. Qxc5 bxc5 31. Rb3 Rc8 32. Rab1 Rc7 33. Kf2 Rfc8 34.
Ke3 Kf8 35. Be1 Ke7 36. Ba5 Rd7 37. g4 g6 38. Kd3 f5 39. Bd2 fxe4+ 40. fxe4 g5
41. Rb8 Bg6 42. Bf3 Rdd8 43. Rxc8 Rxc8 44. Bg2 Kd7 45. Rf1 Ke7 46. Bc3 Nf7 47.
Rb1 Kd7 48. Rb7+ Rc7 49. Rb8 Rc8 50. Rb5 Bh7 51. Ra5 Rc7 52. Ra6 Rb7 53. Rf6
Kd8 54. Kc2 Ke7 55. Bxe5 Nxe5 56. Re6+ Kd7 57. Rxe5 Rb6 58. h4 Rf6 59. Kb3 Bg6
60. hxg5 Kd6 61. gxf6 Kxe5 62. Ka4 Kxf6 63. Kb5 Ke5 64. Kxc5 Be8 65. a3 Bd7 66.
Bf3 Ba4 67. Kb4 Bd7 68. a4 Kf4 69. Bd1 Kxe4 70. a5 Ke5 71. Bf3 Kd6 72. c5+ Kc7
73. c6 Bc8 74. Kc5 1-0

[Event "Madrid-ch 2011/2012- Semifinal B"]
[Site "Madrid ESP"]
[Date "2012.03.31"]
[Round "5.8"]
[White "Fuentes Arjona, Antonio"]
[Black "Brull Cortes, Boris"]
[Result "1/2-1/2"]
[WhiteElo "2012"]
[BlackElo "2005"]
[PlyCount "95"]
[EventDate "2012.03.22"]
[EventType "swiss"]
[EventRounds "9"]
[EventCountry "ESP"]
[Source "lmi"]
[SourceDate "2012.03.22"]

1. e4 e6 2. d4 d5 3. e5 c5 4. c3 Nc6 5. Be3 Qb6 6. Qd2 Bd7 7. Nf3 Nh6 8. Be2
Ng4 9. O-O Nxe3 10. fxe3 h6 11. Kh1 Be7 12. b3 O-O 13. Qd3 Rac8 14. Nbd2 Na5
15. Rab1 Qd8 16. dxc5 a6 17. b4 Bb5 18. c4 Nxc4 19. Nxc4 Bxc4 20. Qc2 Bxe2 21.
Qxe2 b6 22. cxb6 Qxb6 23. Qd2 Rc4 24. a3 Rfc8 25. Rfc1 Qc7 26. Rd1 Rc2 27. Qd4
Qc4 28. Qxc4 R8xc4 29. b5 axb5 30. Rxb5 Rc1 31. Rb1 Bxa3 32. Kg1 Kh7 33. h3 g5
34. Kf2 R4c2+ 35. Kg3 Rxd1 36. Rxd1 Re2 37. Re1 Rxe1 38. Nxe1 Kg6 39. Kf3 Bb2
40. Nd3 Bc3 41. e4 d4 42. g4 Bd2 43. Ke2 Bf4 44. Kd1 f6 45. exf6 Kxf6 46. Kc2
e5 47. Kb3 Ke6 48. Kc4 1/2-1/2

[Event "Madrid-ch 2011/2012- Semifinal B"]
[Site "Madrid ESP"]
[Date "2012.03.31"]
[Round "5.9"]
[White "Rios Rebollo, Victor"]
[Black "Herranz Sanchez, Pablo"]
[Result "1/2-1/2"]
[WhiteElo "1842"]
[BlackElo "1661"]
[PlyCount "36"]
[EventDate "2012.03.22"]
[EventType "swiss"]
[EventRounds "9"]
[EventCountry "ESP"]
[Source "lmi"]
[SourceDate "2012.03.22"]

1. d4 d5 2. c4 e6 3. e3 Nf6 4. Nf3 c6 5. Nbd2 Nbd7 6. a3 a5 7. Qc2 Bd6 8. Bd3
O-O 9. O-O Re8 10. e4 dxe4 11. Nxe4 Nxe4 12. Bxe4 h6 13. Bd2 c5 14. Rad1 Qc7
15. h3 Nf6 16. Bd3 b6 17. Bc3 Bb7 18. Rfe1 Rad8 1/2-1/2

[Event "Madrid-ch 2011/2012- Semifinal B"]
[Site "Madrid ESP"]
[Date "2012.03.31"]
[Round "5.10"]
[White "Arjona Martinez, Santiago"]
[Black "Garcia Herranz, Jesus"]
[Result "1/2-1/2"]
[WhiteElo "2062"]
[BlackElo "1968"]
[PlyCount "35"]
[EventDate "2012.03.22"]
[EventType "swiss"]
[EventRounds "9"]
[EventCountry "ESP"]
[Source "lmi"]
[SourceDate "2012.03.22"]

1. d4 Nf6 2. Nf3 d5 3. c4 e6 4. Nc3 c6 5. e3 Be7 6. Qc2 Nbd7 7. b3 O-O 8. Bd3
h6 9. O-O b6 10. e4 dxe4 11. Nxe4 Nxe4 12. Bxe4 Bb7 13. Rd1 Qc7 14. Bb2 Nf6 15.
Bd3 Rad8 16. Qe2 a5 17. Ne5 c5 18. Bc2 1/2-1/2

[Event "Madrid-ch 2011/2012- Semifinal B"]
[Site "Madrid ESP"]
[Date "2012.03.31"]
[Round "5.11"]
[White "Garcia Serrano, Jose M. Ii"]
[Black "Arroyo Fernandez, Francisco J"]
[Result "1-0"]
[WhiteElo "1894"]
[BlackElo "1825"]
[PlyCount "27"]
[EventDate "2012.03.22"]
[EventType "swiss"]
[EventRounds "9"]
[EventCountry "ESP"]
[Source "lmi"]
[SourceDate "2012.03.22"]

1. e4 c5 2. d4 cxd4 3. c3 d6 4. cxd4 Nf6 5. Nc3 a6 6. Nf3 g6 7. Bg5 Bg7 8. e5
dxe5 9. dxe5 Qxd1+ 10. Rxd1 Ng4 11. Nd5 O-O 12. Bxe7 Re8 13. Nc7 Rxe7 14. Rd8+
1-0

[Event "Madrid-ch 2011/2012- Semifinal B"]
[Site "Madrid ESP"]
[Date "2012.04.13"]
[Round "6.1"]
[White "Castano, Henry Augusto"]
[Black "Ruiz Sanchez, Roberto"]
[Result "1-0"]
[WhiteElo "2284"]
[BlackElo "1997"]
[PlyCount "75"]
[EventDate "2012.03.22"]
[EventType "swiss"]
[EventRounds "9"]
[EventCountry "ESP"]
[Source "lmi"]
[SourceDate "2012.03.22"]

1. e4 c6 2. d4 d5 3. Nc3 dxe4 4. Nxe4 Bf5 5. Ng3 Bg6 6. h4 h6 7. h5 Bh7 8. Nf3
Nf6 9. Bd3 Bxd3 10. Qxd3 Nbd7 11. Bf4 Qa5+ 12. Bd2 Qc7 13. O-O-O O-O-O 14. Qe2
e6 15. Ne5 Nxe5 16. dxe5 Nd7 17. f4 Be7 18. Be3 Qa5 19. Kb1 Nc5 20. Bxc5 Bxc5
21. Ne4 Rd5 22. Rxd5 cxd5 23. Nd2 Kb8 24. Nb3 Qb6 25. Qg4 Rg8 26. f5 Be3 27.
Rf1 Bg5 28. fxe6 Qxe6 29. Qxe6 fxe6 30. Nc5 g6 31. g4 gxh5 32. gxh5 Bf4 33. a3
Be3 34. Nxe6 Rg1 35. Rxg1 Bxg1 36. Ng7 Bh2 37. e6 Kc7 38. e7 1-0

[Event "Madrid-ch 2011/2012- Semifinal B"]
[Site "Madrid ESP"]
[Date "2012.04.13"]
[Round "6.2"]
[White "Garcia Sanz, Eduardo"]
[Black "Moreno Torrero, Javier"]
[Result "1/2-1/2"]
[WhiteElo "1994"]
[BlackElo "2045"]
[PlyCount "100"]
[EventDate "2012.03.22"]
[EventType "swiss"]
[EventRounds "9"]
[EventCountry "ESP"]
[Source "lmi"]
[SourceDate "2012.03.22"]

1. e4 c5 2. Nf3 d6 3. d4 cxd4 4. Nxd4 Nf6 5. Nc3 a6 6. Be2 e5 7. Nb3 Be7 8. O-O
Be6 9. Kh1 Nbd7 10. f4 Qc7 11. Be3 Rc8 12. Qd2 O-O 13. a4 Bc4 14. Rad1 Rfe8 15.
Bxc4 Qxc4 16. Qd3 d5 17. exd5 Bb4 18. Qxc4 Rxc4 19. Nd2 Rcc8 20. Ndb1 Ng4 21.
Bg1 e4 22. h3 Ngf6 23. Rfe1 Nc5 24. Re2 Nh5 25. Bh2 e3 26. Rd4 a5 27. g4 Nf6
28. Bg1 Nce4 29. Nxe4 Nxe4 30. Rxe3 Nd6 31. Rxe8+ Rxe8 32. Rd1 Ne4 33. Kg2 g6
34. Kf3 f5 35. c3 Bc5 36. gxf5 gxf5 37. Bd4 Kf7 38. c4 Rg8 39. Bxc5 Rg3+ 40.
Ke2 Nxc5 41. Nc3 Rxh3 42. d6 Ke6 43. Rd5 b6 44. Re5+ Kxd6 45. Rxf5 Rh2+ 46. Ke3
Rxb2 47. Nb5+ Ke6 48. Rh5 Rb3+ 49. Ke2 Rb4 50. Rxh7 Rxc4 1/2-1/2

[Event "Madrid-ch 2011/2012- Semifinal B"]
[Site "Madrid ESP"]
[Date "2012.04.13"]
[Round "6.3"]
[White "Cerrato Torrijos, Maria"]
[Black "Hinojar Diez, David"]
[Result "0-1"]
[WhiteElo "2101"]
[BlackElo "2148"]
[PlyCount "64"]
[EventDate "2012.03.22"]
[EventType "swiss"]
[EventRounds "9"]
[EventCountry "ESP"]
[Source "lmi"]
[SourceDate "2012.03.22"]

1. e4 c5 2. Nc3 e6 3. Nge2 d6 4. d4 cxd4 5. Nxd4 Nf6 6. Be2 Be7 7. O-O O-O 8.
Be3 a6 9. f4 Qc7 10. Qe1 b5 11. a3 Bb7 12. Bf3 Nbd7 13. Qg3 d5 14. exd5 Nxd5
15. Nxd5 Bxd5 16. Bxd5 exd5 17. Rad1 Bf6 18. c3 g6 19. Nf3 Rfe8 20. Bd4 Re2 21.
Rf2 Rxf2 22. Kxf2 Bxd4+ 23. Rxd4 Nf6 24. Qh4 Qe7 25. h3 Re8 26. Kg1 Qe3+ 27.
Kh2 Kg7 28. Ne5 Nh5 29. Ng4 Qc1 30. Qg5 Re1 31. Qh6+ Kg8 32. Nf2 Qe3 0-1

[Event "Madrid-ch 2011/2012- Semifinal B"]
[Site "Madrid ESP"]
[Date "2012.04.13"]
[Round "6.4"]
[White "Garcia Salamero, Gabriel"]
[Black "Lopez Ziegler, Carlos"]
[Result "1-0"]
[WhiteElo "2225"]
[BlackElo "1902"]
[PlyCount "64"]
[EventDate "2012.03.22"]
[EventType "swiss"]
[EventRounds "9"]
[EventCountry "ESP"]
[Source "lmi"]
[SourceDate "2012.03.22"]

1. e4 Nf6 2. e5 Nd5 3. c4 Nb6 4. d4 d6 5. exd6 cxd6 6. Nc3 g6 7. h3 Bg7 8. Nf3
Nc6 9. Be3 O-O 10. Be2 e5 11. O-O h6 12. Qd2 Kh7 13. d5 Ne7 14. c5 dxc5 15.
Bxc5 e4 16. Nxe4 Nbxd5 17. Rad1 Bf5 18. Ng3 Qc7 19. Nxf5 Qxc5 20. Nxg7 Kxg7 21.
Rc1 Qb6 22. Bc4 Rfd8 23. Rfe1 Qf6 24. Ne5 h5 25. Qe2 Rd6 26. g3 Rad8 27. Rcd1
Qf5 28. Bb3 Qxh3 29. Nxf7 Ne3 30. Qxe3 Rxd1 31. Qe5+ Kf8 32. Qxe7+ Kg8 1-0

[Event "Madrid-ch 2011/2012- Semifinal B"]
[Site "Madrid ESP"]
[Date "2012.04.13"]
[Round "6.5"]
[White "Barez Menendez, Hector"]
[Black "Monge Gilgado, Eva Maria"]
[Result "1/2-1/2"]
[WhiteElo "2155"]
[BlackElo "1817"]
[PlyCount "82"]
[EventDate "2012.03.22"]
[EventType "swiss"]
[EventRounds "9"]
[EventCountry "ESP"]
[Source "lmi"]
[SourceDate "2012.03.22"]

1. d4 f5 2. Nf3 Nf6 3. g3 c6 4. Bg2 d5 5. O-O e6 6. c4 Bd6 7. b3 O-O 8. Ba3
Bxa3 9. Nxa3 Bd7 10. Qc2 Qe7 11. Nb1 Be8 12. cxd5 cxd5 13. Ne5 Nc6 14. Nxc6
Bxc6 15. Nd2 Rac8 16. Nf3 Nd7 17. Qd2 Rc7 18. Rfc1 Rfc8 19. Rc2 h6 20. h4 Nf6
21. Rac1 Ne4 22. Qf4 Qf6 23. b4 g5 24. Qe5 g4 25. Qxf6 Nxf6 26. Ne5 Ne8 27. f3
gxf3 28. Bxf3 Ba4 29. Rxc7 Rxc7 30. Rxc7 Nxc7 31. Kf2 Nb5 32. Ke3 Nc3 33. a3
Nb1 34. Nd3 b6 35. Nb2 b5 36. Kf4 Nxa3 37. Ke5 Nc4+ 38. Nxc4 dxc4 39. d5 exd5
40. Bxd5+ Kg7 41. Kd4 Kf6 1/2-1/2

[Event "Madrid-ch 2011/2012- Semifinal B"]
[Site "Madrid ESP"]
[Date "2012.04.13"]
[Round "6.6"]
[White "Munoz Cebey, Ricardo"]
[Black "Vazquez Gonzalez, Jesus"]
[Result "1/2-1/2"]
[WhiteElo "2061"]
[BlackElo "2065"]
[PlyCount "102"]
[EventDate "2012.03.22"]
[EventType "swiss"]
[EventRounds "9"]
[EventCountry "ESP"]
[Source "lmi"]
[SourceDate "2012.03.22"]

1. e4 Nc6 2. Nf3 e5 3. Nc3 Nf6 4. d4 exd4 5. Nxd4 Bb4 6. Nxc6 bxc6 7. Bd3 d5 8.
exd5 Qe7+ 9. Qe2 Qxe2+ 10. Bxe2 Ne4 11. Bd2 Bxc3 12. bxc3 Nxd2 13. Kxd2 cxd5
14. Bf3 Be6 15. Rhe1 O-O 16. c4 Rad8 17. cxd5 Bxd5 18. Bxd5 Rxd5+ 19. Kc3 Rc5+
20. Kb2 Rb8+ 21. Kc1 g6 22. Rb1 Rb6 23. Rxb6 axb6 24. h4 Kg7 25. Re3 Kf6 26.
Kd2 h5 27. g3 Rd5+ 28. Ke2 Re5 29. Rxe5 Kxe5 30. Ke3 f6 31. a4 Kd5 32. Kd3 Kc5
33. Kc3 g5 34. f3 gxh4 35. gxh4 Kd5 36. Kd3 Ke5 37. Ke3 Kf5 38. Kd4 Kf4 39. Kd5
Kxf3 40. Kc6 Kg4 41. Kxc7 f5 42. Kxb6 f4 43. a5 f3 44. a6 f2 45. a7 f1=Q 46.
a8=Q Qb1+ 47. Kc5 Qxc2+ 48. Kd4 Qf2+ 49. Kd3 Qg3+ 50. Ke2 Kxh4 51. Qh1+ Qh3
1/2-1/2

[Event "Madrid-ch 2011/2012- Semifinal B"]
[Site "Madrid ESP"]
[Date "2012.04.13"]
[Round "6.8"]
[White "Garcia-Ruiz Fuentes, Marcos"]
[Black "Fuentes Arjona, Antonio"]
[Result "1-0"]
[WhiteElo "1873"]
[BlackElo "2012"]
[PlyCount "121"]
[EventDate "2012.03.22"]
[EventType "swiss"]
[EventRounds "9"]
[EventCountry "ESP"]
[Source "lmi"]
[SourceDate "2012.03.22"]

1. e4 e6 2. Nf3 c5 3. d4 cxd4 4. Nxd4 a6 5. Nc3 Qc7 6. f4 Nc6 7. Be3 Nxd4 8.
Qxd4 Nf6 9. Be2 d6 10. O-O e5 11. Qd3 Be7 12. f5 b5 13. Bg5 Bb7 14. Bxf6 Bxf6
15. Rad1 Rd8 16. a3 O-O 17. Bf3 Rd7 18. Rf2 Bg5 19. Re2 Rc8 20. Nd5 Bxd5 21.
Qxd5 Qb6+ 22. Kf1 Rc5 23. Qb3 Qc6 24. c3 Rc7 25. Rd3 a5 26. Re1 g6 27. Red1 Rd7
28. g4 Kg7 29. Rd5 Be7 30. Be2 Rb7 31. Qc2 b4 32. axb4 axb4 33. c4 Rc7 34. Qd2
Rxd5 35. Qxd5 Qb6 36. g5 Bxg5 37. Qxd6 Qxd6 38. Rxd6 Bc1 39. b3 Bb2 40. Kf2 Ra7
41. Kf3 Ra3 42. Rd3 gxf5 43. exf5 Bc3 44. Bd1 Ra2 45. h3 Rh2 46. Ke4 Kf6 47. c5
Bd4 48. c6 Ra2 49. Kd5 Ke7 50. f6+ Kxf6 51. c7 Ra5+ 52. Kc6 Ra6+ 53. Kd7 Ra7
54. Kd8 Rxc7 55. Kxc7 Kf5 56. Kd6 Ke4 57. Bc2 Kf4 58. Kd5 f5 59. Ke6 h5 60. Rd1
e4 61. Rxd4 1-0

[Event "Madrid-ch 2011/2012- Semifinal B"]
[Site "Madrid ESP"]
[Date "2012.04.13"]
[Round "6.11"]
[White "Garcia Herranz, Jesus"]
[Black "Baeza Escudero, Javier"]
[Result "1/2-1/2"]
[WhiteElo "1968"]
[BlackElo "2029"]
[PlyCount "145"]
[EventDate "2012.03.22"]
[EventType "swiss"]
[EventRounds "9"]
[EventCountry "ESP"]
[Source "lmi"]
[SourceDate "2012.03.22"]

1. Nf3 d5 2. d4 Nf6 3. c4 e6 4. g3 Be7 5. Bg2 O-O 6. O-O dxc4 7. Ne5 Nc6 8.
Nxc6 bxc6 9. Bxc6 Rb8 10. Bg2 Bb7 11. f3 c5 12. e3 cxd4 13. exd4 Qb6 14. Nc3
Rfd8 15. Qe2 Nd5 16. Rd1 Qb4 17. Qc2 Bf6 18. Kh1 h5 19. Ne4 Be7 20. Bd2 Qb5 21.
a4 Qc6 22. f4 Qc7 23. Re1 Nf6 24. Bc3 h4 25. Qd2 Nxe4 26. Bxe4 h3 27. Kg1 Bc5
28. Qf2 Bxe4 29. Rxe4 Bb4 30. Rae1 Bxc3 31. bxc3 Qa5 32. R4e3 Rb3 33. Qf3 Rxd4
34. f5 Rd8 35. fxe6 fxe6 36. Qg4 Qf5 37. Qxc4 Rb2 38. R3e2 Rdd2 39. Rxd2 Rxd2
40. Qxe6+ Qf7 41. Qc8+ Qf8 42. Qc4+ Kh8 43. Rf1 Qa8 44. Qh4+ Kg8 45. Qxh3 Qe8
46. Qf5 Qe3+ 47. Rf2 Rd1+ 48. Kg2 Rd8 49. c4 Qe8 50. c5 Qxa4 51. h4 Qc6+ 52.
Kh3 Rd5 53. Qf7+ Kh7 54. Qxa7 Rxc5 55. Qf7 Qh1+ 56. Kg4 Qe4+ 57. Kh3 Qe5 58.
Qf4 Qe6+ 59. g4 Qb3+ 60. Rf3 Qb1 61. Kg2 Qc2+ 62. Rf2 Qd3 63. h5 Qd5+ 64. Kh2
Rc4 65. Qf5+ Qxf5 66. gxf5 Rh4+ 67. Kg3 Rxh5 68. Kg4 Rh6 69. Rb2 Kg8 70. Kg5
Kf7 71. Rb7+ Kf8 72. Rc7 Rd6 73. Ra7 1/2-1/2